Operations Research Theory and Applications (Record no. 97107)

MARC details
000 -LEADER
fixed length control field 00366nam a2200133Ia 4500
008 - FIXED-LENGTH DATA ELEMENTS--GENERAL INFORMATION
fixed length control field 211118s9999||||xx |||||||||||||| ||und||
082 ## - DEWEY DECIMAL CLASSIFICATION NUMBER
Classification number 658.403 4
Item number SHA-O
100 ## - MAIN ENTRY--PERSONAL NAME
Personal name Sharma, J K
245 #0 - TITLE STATEMENT
Title Operations Research Theory and Applications
260 ## - PUBLICATION, DISTRIBUTION, ETC.
Name of publisher, distributor, etc. Macmillion
Place of publication, distribution, etc. New Delhi
Date of publication, distribution, etc. 1997
630 ## - SUBJECT ADDED ENTRY--UNIFORM TITLE
General subdivision MBA LIBRARY
942 ## - ADDED ENTRY ELEMENTS (KOHA)
Koha item type BOOK
650 ## - SUBJECT ADDED ENTRY--TOPICAL TERM
Form subdivision Operations ResearchCommerce
Holdings
Withdrawn status Lost status Source of classification or shelving scheme Damaged status Not for loan Home library Current library Date acquired Cost, normal purchase price Full call number Barcode Shelving location Date last seen Price effective from Koha item type
    Dewey Decimal Classification     SB LIBRARY SB LIBRARY 18/11/2021 298.00 658.4034 SHA-O 00102447 MBA LIBRARY 18/11/2021 18/11/2021 BOOK

Powered by Koha